On the relation of the probability theory and the fuzzy sets theory foundations

Bibliographic Details
Main Authors: Kovalerčuk, Boris Y. (Author), Shapiro, David I. (Author)
Format: Article
Language:English
PhysicalDescription:Obr. 1. Res. angl., rus., lit. 34 zázn. v angl., franc.
Subjects:

MARC

LEADER 00000nab a2200000 a 4500
001 vtls000412096
003 SK-MaSNL
005 20260318124822.0
008 230217c1988 xo 0 eng
015 |a SNBRB19rr/mm-uuuuu 
035 |a CL0412221 
035 |a urn:nbn:sk:snk-ab1q0c 
035 |a (urnnbn)urn:nbn:sk:snk:ar-004xuo 
035 |a (uuid)bb6d3cba-66ea-4cec-a44e-e4de3014896e 
040 |a SNKBUCL  |b slo  |c SNKBUCL  |e AACR2 
041 0 |a eng 
044 |a xo  |c SK 
080 |a 519.21:510.22:517.521:512.563  |2 1981 
080 |a 510.22  |2 1981 
080 |a 517.521  |2 1981 
080 |a 512.563  |2 1981 
080 |a 517.563  |2 1981 
100 1 |a Kovalerčuk, Boris Y.  |4 aut  |9 1294216 
245 1 0 |a On the relation of the probability theory and the fuzzy sets theory foundations  |c Boris Y. Kovalerčuk, David I. Shapiro 
300 |b Obr. 1. Res. angl., rus., lit. 34 zázn. v angl., franc. 
650 0 7 |a pravdepodobnosť (matematika)  |2 snkbucl  |9 17964 
650 0 7 |a teória pravdepodobnosti  |2 snkbucl  |9 104068 
650 0 7 |a teória fuzzy množín  |2 snkbucl  |9 973479 
650 0 7 |a funkcie boolovské  |2 snkbucl  |9 1155434 
655 7 |a články z novín a časopisov  |2 snkbucl  |9 267496 
700 1 |a Shapiro, David I.  |4 aut  |9 1294217 
773 0 |t Computers and artificial intelligence  |g Roč. 7, č. 5 (1988), s. 385-396 
850 |a Slovenská národná knižnica v Martine  |a MTA001 
852 |a SNK  |b KIS3GCP 
958 |a NB 
958 |a RK 
958 |a OND 
958 |a EUIPO 
958 |a article27 
992 |a RBX 
999 |c 2575349  |d 2577279